| 000 -LEADER |
| fixed length control field |
00796nam a22001337a 4500 |
| 040 ## - CATALOGING SOURCE |
| Transcribing agency |
RUA |
| 082 ## - DEWEY DECIMAL CLASSIFICATION NUMBER |
| Classification number |
AED VUT 2016 B650 Or.1 |
| 100 ## - MAIN ENTRY--AUTHOR NAME |
| Personal name |
VUT MALA វុធ ម៉ាឡា |
| 245 ## - TITLE STATEMENT |
| Title |
the study on economicefficiency of hosehold's cauliflower vegetable production in dey oet commune, keansvay district, kandal province ប្រសិទ្ធភាពសេដ្ឋកិច្ខនៃបន្លែខាត់ណាផ្កាជាលក្ខណះគ្រូសារនៅក្នុងឃុំដីឥដ្ឋ ស្រុកក្រៀនស្វាយ ខេត្តកណ្តាល |
| 260 ## - PUBLICATION, DISTRIBUTION, ETC. (IMPRINT) |
| Place of publication |
RUA |
| Name of publisher |
Phnom penh |
| Year of publication |
2016 |
| 300 ## - PHYSICAL DESCRIPTION |
| Number of Pages |
xi;46p |
| Other physical details |
ill; |
| Dimensions |
29cm |
| 856 ## - ELECTRONIC LOCATION AND ACCESS |
| Uniform Resource Identifier |
https://drive.google.com/file/d/1zPBZYmzi0SNIHCqNv0xRPTN4-VybvkuB/view?usp=sharing |
| 942 ## - ADDED ENTRY ELEMENTS (KOHA) |
| Koha item type |
AED |
| 952 ## - LOCATION AND ITEM INFORMATION (KOHA) |
| Withdrawn status [LOCAL, KOHA] |
0 |
| 952 ## - LOCATION AND ITEM INFORMATION (KOHA) |
| Withdrawn status [LOCAL, KOHA] |
0 |
| 952 ## - LOCATION AND ITEM INFORMATION (KOHA) |
| Withdrawn status [LOCAL, KOHA] |
0 |
| 952 ## - LOCATION AND ITEM INFORMATION (KOHA) |
| Withdrawn status [LOCAL, KOHA] |
0 |
| 952 ## - LOCATION AND ITEM INFORMATION (KOHA) |
| Withdrawn status [LOCAL, KOHA] |
0 |
| 952 ## - LOCATION AND ITEM INFORMATION (KOHA) |
| Withdrawn status [LOCAL, KOHA] |
0 |